ŠKP Košice: huszonnyolcadszor a csúcson

Podrobná bibliografia
Hlavný autor: Zsigárdi, László, 1959- (Autor)
Korporatívny autor: Športový klub policajtov, Košice (Autor)
Médium: Článok
Jazyk:slovenčina
maďarčina
Predmet:

MARC

LEADER 00000nab a2200000 a 4500
001 vtls000914347
003 SK-MaSNL
005 20260318133051.0
008 040720e19910605xo 0 slo
035 |a KE23242 
040 |a KEVKJB  |b slo  |c KEVKJB  |e AACR2 
041 1 |h hun 
044 |a xo  |c SK 
080 |a 797.25  |2 1981 
100 1 |a Zsigárdi, László,  |d 1959-  |4 aut  |9 840950 
245 1 0 |a ŠKP Košice: huszonnyolcadszor a csúcson 
610 2 7 |a Športový klub policajtov, Košice  |2 KEVKJB  |9 882449 
650 0 7 |a vodné pólo  |2 KEVKJB  |9 3219 
650 0 7 |a liga I.  |2 KEVKJB  |9 877980 
650 0 7 |a účinkovanie  |2 KEVKJB  |9 873329 
650 0 7 |a prvenstvo  |2 KEVKJB  |9 882713 
650 0 7 |a informácie  |2 KEVKJB  |9 1285 
651 7 |a KE,  |2 KEVKJB  |9 877256 
655 7 |a periodikum  |2 snkbucl  |9 29553 
710 2 |a Športový klub policajtov, Košice  |4 aut  |9 882449 
773 0 8 |t Új szó  |g Roč. 44, č.130, 5.6.1991, s. 7 
852 |a ZVYKNI  |b KIS3GCP 
999 |c 2182017  |d 2183947